Provinces of Italy by GRP per Capita - Statistics

General Stats
  • This quiz has been taken 20 times
  • The average score is 13 of 21
Answer Stats
Rank Province GRPC ($) GRPC (€) % Correct
3 Lombardy 45,600 38,600
95%
2 Aosta Valley 45,900 38,900
79%
20 Sicily 21,000 17,800
79%
19 Campania 22,000 18,600
74%
5 Emilia-Romagna 42,800 36,200
68%
6 Lazio 39,700 33,600
68%
9 Tuscany 37,200 31,500
68%
16 Sardinia 25,000 21,200
63%
13 Abruzzo 30,500 25,800
58%
21 Calabria 19,100 16,000
58%
8 Liguria 37,900 32,100
58%
9 Piedmont 37,200 31,500
58%
1 South Tyrol 55,600 47,100
58%
7 Veneto 39,200 33,200
58%
17 Molise 24,700 20,900
53%
14 Umbria 30,000 25,400
53%
18 Apulia 22,400 19,000
47%
12 Marche 33,400 28,300
47%
15 Basilicata 26,200 22,200
42%
11 Friuli-Venezia Giulia 37,000 31,300
42%
4 Trentino 44,900 38,000
37%
No matching quizzes found
Score Distribution
Percent of People with Each Score
Percentile by Number Answered
Your Score History
You have not taken this quiz